<?xml version="1.0" encoding="UTF-8"?>
<record
    xmlns:xsi="http://www.w3.org/2001/XMLSchema-instance"
    xsi:schemaLocation="http://www.loc.gov/MARC21/slim http://www.loc.gov/standards/marcxml/schema/MARC21slim.xsd"
    xmlns="http://www.loc.gov/MARC21/slim">

  <leader>02837    a2200277   4500</leader>
  <controlfield tag="003">OSt</controlfield>
  <controlfield tag="005">20251030084240.0</controlfield>
  <controlfield tag="007">cr ||||||a|c|a</controlfield>
  <controlfield tag="008">230201s2022    mx a|||fom||| 001 0 spa d</controlfield>
  <datafield tag="040" ind1=" " ind2=" ">
    <subfield code="c">CHAP</subfield>
  </datafield>
  <datafield tag="100" ind1="1" ind2=" ">
    <subfield code="9">187480</subfield>
    <subfield code="a">Gayt&#xE1;n Campos, Elizabeth</subfield>
  </datafield>
  <datafield tag="245" ind1="1" ind2="0">
    <subfield code="a">Etiolog&#xED;a del moteado clor&#xF3;tico de hojas de aguacate (Persea americana Mill.) /</subfield>
    <subfield code="c">por Elizabeth Gayt&#xE1;n Campos ; director de tesis Alejandro Facundo Barrientos Priego.</subfield>
  </datafield>
  <datafield tag="264" ind1=" " ind2=" ">
    <subfield code="a">Chapingo, M&#xE9;xico :</subfield>
    <subfield code="b">El autor,</subfield>
    <subfield code="c">2022.</subfield>
  </datafield>
  <datafield tag="300" ind1=" " ind2=" ">
    <subfield code="a">1 recurso en l&#xED;nea (117 p&#xE1;ginas):</subfield>
    <subfield code="b">cuadros, figuras.</subfield>
  </datafield>
  <datafield tag="336" ind1=" " ind2=" ">
    <subfield code="2">rdacontent</subfield>
    <subfield code="a">texto</subfield>
    <subfield code="b">txt</subfield>
  </datafield>
  <datafield tag="337" ind1=" " ind2=" ">
    <subfield code="2">rdamedia</subfield>
    <subfield code="a">computadora </subfield>
    <subfield code="b">c</subfield>
  </datafield>
  <datafield tag="338" ind1=" " ind2=" ">
    <subfield code="2">rdacarrier</subfield>
    <subfield code="a">recurso en l&#xED;nea</subfield>
    <subfield code="b">cr</subfield>
  </datafield>
  <datafield tag="502" ind1=" " ind2=" ">
    <subfield code="b">MCH</subfield>
    <subfield code="c">Fitotecnia</subfield>
    <subfield code="d">2022.</subfield>
    <subfield code="g">MAE</subfield>
  </datafield>
  <datafield tag="504" ind1=" " ind2=" ">
    <subfield code="a">Incluye literatura citada : 4-5,44-46,84-85.</subfield>
  </datafield>
  <datafield tag="520" ind1=" " ind2=" ">
    <subfield code="a">Se estima una producci&#xF3;n global de 8 millones de toneladas de aguacate, donde M&#xE9;xico destaca como uno de los principales pa&#xED;ses productores con 2.39 millones t y 45.95 % de las exportaciones mundiales. En este contexto, el aspecto fitosanitario es considerado como una enorme restricci&#xF3;n a la exportaci&#xF3;n y actualmente se ha manifestado un s&#xED;ntoma denominado moteado clor&#xF3;tico de las hojas, el cual ha sido asociado a deficiencias de zinc, a la bacteria Xylella fastidiosa y al viroide de la mancha de sol del aguacate, adem&#xE1;s de su posible relaci&#xF3;n con alguna variante de la bacteria Candidatus Liberibacter o alguna especie de protozoos, sin tener certeza del verdadero agente causal. Por tal motivo el presente estudio tuvo como objetivos identificar a los microorganismos asociados al s&#xED;ntoma a trav&#xE9;s de microscop&#xED;a, medios de cultivo e infusiones y pruebas de patogenicidad, adem&#xE1;s de determinar mediante PCR, la presencia o ausencia de alguna variante Ca. Liberibacter. Los resultados reflejaron la presencia de protozoos asociados al s&#xED;ntoma de moteado clor&#xF3;tico de hojas en plantas de aguacate, coincidiendo en forma, movimiento y comportamiento con lo descrito en la literatura, no fue posible realizar la tinci&#xF3;n de sus estructuras con los colorantes, verde r&#xE1;pido y verde de metileno, sin embargo, fue posible su aislamiento y crecimiento en infusiones de ch&#xED;charo y arroz. Se obtuvo el cumplimiento de los postulados de Koch, se descart&#xF3; la asociaci&#xF3;n entre alguna especie de nematodos y el s&#xED;ntoma y se obtuvieron resultados negativos para los variantes Ca. Liberibacter asiaticus, Ca. liberibacter americanus y Ca. Liberibacter solanacearum.</subfield>
  </datafield>
  <datafield tag="650" ind1=" " ind2="4">
    <subfield code="9">187481</subfield>
    <subfield code="a">Aguacate</subfield>
    <subfield code="x">Enfermedades por bacterias</subfield>
  </datafield>
  <datafield tag="650" ind1=" " ind2="4">
    <subfield code="9">9326</subfield>
    <subfield code="a">Bacterias fitopat&#xF3;genas</subfield>
  </datafield>
  <datafield tag="700" ind1="1" ind2=" ">
    <subfield code="9">10489</subfield>
    <subfield code="a">Barrientos Priego, Alejandro F.</subfield>
    <subfield code="e">Director de tesis.</subfield>
  </datafield>
  <datafield tag="856" ind1=" " ind2=" ">
    <subfield code="u">http://10.13.5.2/tesis/tm/1913282-7_GAYTAN_CAMPOS_ELIZABETH.pdf</subfield>
    <subfield code="z">DESCARGAR PDF</subfield>
  </datafield>
  <datafield tag="942" ind1=" " ind2=" ">
    <subfield code="c">TD</subfield>
    <subfield code="2">Clasificaci&#xF3;n Universidad Aut&#xF3;noma Chapingo</subfield>
  </datafield>
  <datafield tag="999" ind1=" " ind2=" ">
    <subfield code="c">218210</subfield>
    <subfield code="d">218210</subfield>
  </datafield>
  <datafield tag="952" ind1=" " ind2=" ">
    <subfield code="0">0</subfield>
    <subfield code="1">0</subfield>
    <subfield code="2">local</subfield>
    <subfield code="4">0</subfield>
    <subfield code="5">1</subfield>
    <subfield code="7">0</subfield>
    <subfield code="8">TesDigM</subfield>
    <subfield code="a">BD</subfield>
    <subfield code="b">BD</subfield>
    <subfield code="c">E_L</subfield>
    <subfield code="d">2023-06-28</subfield>
    <subfield code="l">0</subfield>
    <subfield code="o">Tesis digital</subfield>
    <subfield code="r">2023-06-28 00:00:00</subfield>
    <subfield code="w">2023-06-28</subfield>
    <subfield code="y">TD</subfield>
  </datafield>
</record>
